00441nam a2200181 a 4500001001300000003000900013005001700022008004100039020000900080082001600089100001600105245001800121260004500139300000800184500003500192650001600227700001600243nice12345678IN_TiNIC20260116014453.0070411s2005 newa grp 000 0 eng  ac1500a344.01bMAT aMathew, P D aWorkers Right aNew DelhibIndian Social Institutec2005 a30p aincludes index and biblioraphy aLaboure Law1 aMathew, P D